• 首页
  • 本馆介绍
  • 公告通知
  • 最新文献
  • 馆藏检索
  • 电子资源
  • 读者荐购
  • 参考咨询
  • CALIS
  • 我的图书馆
  • 登录
  • 详细信息显示
  • 放入我的书架
  • 预约/预借图书
  • 作者相关作品
  • 分类相关作品
  • 丛书相关作品
  • 出版社相关作品

书目信息

  • 表格格式
  • 工作单格式
  • 卡片格式
书名: The watchers
作者: Mark Andrew Olsen
分册号:
分册名:
出版地: Minneapolis
 
出版社: Bethany House
出版时间: 2007
页数: 411P
开本: 22CM
丛书名:
中图分类号:
科图分类号:
其他分类号: I712.4
主题词:
电子资源:
 
 
 
 
 
000 00372nam0 2200133 450
001 202012003018
005 20121202110509.0
008 12120201s
020    @a9780764204685@c$14.99
099    @dI712.4@eM3451
245    @aThe watchers @cMark Andrew Olsen
260 0  @aMinneapolis@bBethany House@c2007
300    @a411P@c22CM
905    @aTSG@b14092-3@dI712.4@eM3451
    
    The watchers / Mark Andrew Olsen.-Minneapolis : Bethany House , 2007
    411P ; 22CM
    
    
    ISBN 9780764204685$14.99
    
●
相关链接 在E读中查询图书 在当当中查询图书 在豆瓣中查询图书


正题名:The watchers     索取号:I712.4/M3451         预约/预借

序号 登录号 条形码 馆藏地/架位号 状态 备注
1 14092   300140924   文学库116/400A自科库 19排2列4层/ [索取号:I712.4/M3451] 在馆    
2 14093   300140933   文学库116/400A自科库 19排2列4层/ [索取号:I712.4/M3451] 在馆    
河南城建学院图书馆 欢迎您!
大连网信软件有限公司© 版权所有